000 02558cgm a2200541Ia 4500
003 OCoLC
005 20241220121038.0
007 vd cvaizk
008 050817s2005 cau109 d vleng d
001 ocm61278831
020 _a1417029870
020 _a9781417029877
024 1 _a678149195026
028 4 2 _a91950
_bDreamWorks Home Entertainment
035 _a(Sirsi) i9781417029877
035 _a(OCoLC)61278831
040 _aGEC
_cGEC
_dUINTA
049 _aUCLB
092 _a791.437
245 0 4 _aThe ring two
_h[videorecording] /
_cDreamWorks Pictures presents a Parkes/MacDonald production ; produced by Laurie MacDonald, Walter F. Parkes ; written by Ehren Kruger ; directed by Hideo Nakata.
260 _a[Universal City, CA] :
_bDreamWorks Home Entertainment,
_c[2005]
300 _a1 videodisc (109 min.) :
_bsd., col. ;
_c4 3/4 in.
538 _aDVD, region 1, full screen presentation; Dolby Digital 5.1 surround, Dolby Digital 2.0 stereo.
546 _aEnglish dialogue with optional English, French or Spanish subtitles; closed-captioned.
511 1 _aNaomi Watts, Simon Baker, David Dorfman, Elizabeth Perkins, Sissy Spacek.
508 _aCinematographer, Gabriel Beristain ; editor, Michael N. Knue ; music, Henning Lohner, Martin Tillman ; costume designer, Wendy Chuck ; production designer, James D. Bissell.
521 8 _aMPAA rating: PG-13; violence/terror, disturbing images, thematic elements and some language.
500 _aSpecial features: deleted scenes; Faces of fear: the cast; HBO first look: The ring two.
520 _aSix months after the frightening rampage and the cursed videotape that left so much death and terror, Rachel and her son start a new life in a small Oregon town. But when a crime scene includes an unmarked tape, she knows the violence has not ended.
650 0 _aDeath
_vDrama.
_95767404
650 0 _aVideo tapes
_vDrama.
_96363664
655 0 _aFeature films.
_96176286
655 0 _aHorror films.
_96176287
655 0 _aVideo recordings for the hearing impaired.
_96176288
700 1 _aNakata, Hideo,
_d1961-
_977730
700 1 _aWatts, Naomi,
_d1968-
_968919
700 1 _aBaker, Simon,
_d1969-
_972570
700 1 _aDorfman, David,
_d1993-
_970175
700 1 _aPerkins, Elizabeth,
_d1960-
_962804
700 1 _aSpacek, Sissy.
_913512
700 1 _aBeristain, Gabriel.
_970380
700 1 _aLohner, Henning.
_958790
700 1 _aTillman, Martin.
_958897
710 2 _aDreamworks Pictures.
_964643
942 _cDVD
_0182
994 _aC0
_bUINTA
998 _aa105998
999 _c49439
_d49439